[Event "Playchess"]
[Site "?"]
[Date "2005.04.30"]
[Round "?"]
[White "Short Nigel D"]
[Black "Kryakvin Dmitry"]
[Result "1-0"]
[WhiteElo "2673"]
[BlackElo "2459"]
[PlyCount "67"]
[EventDate "2005.??.??"]
[Source "www.chesslib.no"]
[SourceDate "2004.05.04"]

1. e4 c5 2. Nf3 d6 3. b4 Nf6 4. bxc5 dxc5 5. e5 Nd5 6. Bc4 Nc6 7. O-O Bg4 8. Bb2 e6 9. h3 Bh5 10. Re1 Be7 11. Nc3 O-O 12. Nxd5 exd5 13. Bd3 c4 14. Bf5 Bg6 15. Bxg6 hxg6 16. e6 fxe6 17. Rxe6 Bf6 18. Rb1 Qd7 19. Re1 d4 20. d3 c3 21. Bc1 Rfe8 22. Bf4 b6 23. Nh2 Qd5 24. Qg4 Qf5 25. Qf3 Re6 26. g4 Rxe1+ 27. Rxe1 Qd7 28. g5 Bd8 29. Qe4 Kh7 30. h4 Bc7 31. Bxc7 Qxc7 32. h5 Rf8 33. hxg6+ Kg8 34. Qe6+ 1-0

[Event "Milivoj Petrov mem"]
[Site "Pancevo"]
[Date "2002.07.03"]
[Round "10"]
[White "Drazic, Sinisa"]
[Black "Fontaine, Robert"]
[Result "1/2-1/2"]
[WhiteElo "2474"]
[BlackElo "2484"]
[PlyCount "22"]
[EventDate "2002.06.24"]
[Source "ChessBase"]
[SourceDate "2002.09.11"]

1. e4 c5 2. Nf3 d6 3. b4 cxb4 4. a3 bxa3 5. d4 Nf6 6. Bd3 Bg4 7. O-O Nc6 8. c3 e6 9. Nxa3 Be7 10. h3 Bxf3 11. Qxf3 O-O 1/2-1/2

[Event "Noyabrsk"]
[Site "Noyabrsk"]
[Date "1995.??.??"]
[Round "9"]
[White "Kochetkov, German"]
[Black "Nedobora, Mikhail"]
[Result "1/2-1/2"]
[WhiteElo "2465"]
[BlackElo "2480"]
[PlyCount "99"]
[EventDate "1995.05.??"]
[Source "ChessBase"]

1. e4 c5 2. Nf3 d6 3. b4 cxb4 4. d4 Nf6 5. Bd3 Bg4 6. O-O d5 7. e5 Nfd7 8. e6 Bxe6 9. Ng5 Nf6 10. Nxe6 fxe6 11. Bg5 Nc6 12. c3 g6 13. Qe2 Qd7 14. Nd2 Bg7 15. Nb3 b6 16. cxb4 O-O 17. b5 Nd8 18. Nd2 Nf7 19. Nf3 Nh5 20. Bd2 Qd6 21. Rae1 Nd8 22. g3 Rxf3 23. Qxf3 Bxd4 24. g4 Nf6 25. g5 Nd7 26. Bc4 Ne5 27. Rxe5 Bxe5 28. Bb3 Nb7 29. Re1 Rf8 30. Qg4 Nc5 31. Bc2 Bxh2+ 32. Kg2 Be5 33. Rh1 Ne4 34. Be3 Bf4 35. Bxe4 Bxe3 36. Bf3 Bf4 37. Qh3 Rf7 38. Bg4 Kh8 39. Bxe6 Rg7 40. Rd1 d4 41. Bb3 e6 42. Qxe6 Qxe6 43. Bxe6 Bxg5 44. Rxd4 Rc7 45. Rd7 Rc5 46. a4 Re5 47. Bb3 Re7 48. Rxe7 Bxe7 49. f4 Kg7 50. Kf3 1/2-1/2

[Event "Kaluga op"]
[Site "Kaluga"]
[Date "2000.??.??"]
[Round "?"]
[White "Ditiatev, Sergey"]
[Black "Zhelnin, Vladimir V"]
[Result "0-1"]
[WhiteElo "2441"]
[BlackElo "2489"]
[PlyCount "60"]
[EventDate "2000.??.??"]
[Source "www.chesslib.no"]
[SourceDate "2004.05.04"]

1. e4 c5 2. Nf3 d6 3. b4 cxb4 4. d4 Nf6 5. Bd3 g6 6. a3 bxa3 7. O-O Bg7 8. Rxa3 O-O 9. Qe2 Nc6 10. Rd1 Bg4 11. c3 e5 12. Be3 d5 13. exd5 Nxd4 14. cxd4 e4 15. Bc4 exf3 16. gxf3 Bh3 17. Nc3 a6 18. Ne4 b5 19. Ba2 Nxd5 20. Bg5 Qd7 21. Bxd5 Qxd5 22. Nf6+ Bxf6 23. Bxf6 Rfc8 24. Re3 Rc6 25. Re5 Qc4 26. Qe4 Rcc8 27. Bg5 Qc2 28. Qe1 Qb3 29. Re3 Qd5 30. Bh6 g5 0-1

[Event "GM II"]
[Site "Evry"]
[Date "2003.04.14"]
[Round "5"]
[White "Shirazi, Kamran"]
[Black "Guidarelli, Laurent"]
[Result "1-0"]
[WhiteElo "2437"]
[BlackElo "2388"]
[PlyCount "128"]
[EventDate "2003.04.10"]
[Source "Roberto Alvarez"]
[SourceDate "2003.04.21"]

1. e4 c5 2. Nf3 d6 3. b4 cxb4 4. d4 Nf6 5. Nbd2 g6 6. a3 bxa3 7. e5 dxe5 8. dxe5 Nd5 9. Rxa3 Nc6 10. Bc4 Nf4 11. O-O Ne6 12. h4 Bg7 13. Re1 h5 14. Bb2 O-O 15. Rd3 Qb6 16. Qc1 Nc5 17. Ra3 Be6 18. Bf1 Rfd8 19. Nc4 Qc7 20. Ng5 b5 21. Nd2 b4 22. Rae3 Bh6 23. c3 Bxg5 24. hxg5 Rac8 25. cxb4 Nxb4 26. Ba3 Nbd3 27. Bxd3 Nxd3 28. Qxc7 Rxc7 29. Rf1 Nxe5 30. Rxe5 Rxd2 31. Rb1 Rd8 32. Kh2 Kf8 33. Rbb5 a6 34. Rb6 Bc4 35. f4 Bd3 36. Bb2 Ke8 37. Re3 a5 38. Ba3 a4 39. Bd6 Rcd7 40. Bb4 Bc2 41. Ra6 Rb7 42. Bc5 Rc8 43. Ra5 e6 44. Bd4 Kd7 45. Be5 Rc4 46. Re2 Kc6 47. Rd2 Kb6 48. Ra8 Kb5 49. Rd6 Kb4 50. Rda6 Kb3 51. Ra5 Be4 52. R8a6 Bc6 53. Kh3 Rc2 54. g4 Bb5 55. gxh5 Bxa6 56. Rxa6 gxh5 57. g6 fxg6 58. Rxe6 a3 59. Rxg6 Rc1 60. Ra6 a2 61. Kh4 Rb5 62. Bf6 Rh1+ 63. Kg3 Rg1+ 64. Kf3 Rg6 1-0

[Event "AUT-chT 9495"]
[Site "Austria"]
[Date "1995.??.??"]
[Round "?"]
[White "Brestian, Egon"]
[Black "Miniboeck, Guenter"]
[Result "1-0"]
[WhiteElo "2440"]
[BlackElo "2360"]
[PlyCount "59"]
[EventDate "1994.??.??"]
[Source "ChessBase"]

1. e4 c5 2. Nf3 d6 3. b4 cxb4 4. d4 Nf6 5. Bd3 d5 6. e5 Ne4 7. a3 Nc6 8. axb4 Nxb4 9. Ba3 e6 10. O-O Be7 11. Qe1 Nxd3 12. cxd3 Ng5 13. Nxg5 Bxg5 14. Nc3 Bd7 15. f4 Be7 16. Bxe7 Qxe7 17. f5 Qb4 18. Kh1 exf5 19. Rb1 Qxd4 20. Rxb7 Rd8 21. e6 fxe6 22. Nb5 Qc5 23. Nc7+ Kf7 24. Nxe6 Qd6 25. Rxf5+ Kg8 26. Nxd8 Bxf5 27. Nf7 Qc6 28. Rc7 Qa8 29. Qe5 Qc8 30. Nh6+ 1-0

[Event "Maccabiah"]
[Site "Netanya ISR"]
[Date "1993.??.??"]
[Round "9"]
[White "Maryasin, Boris"]
[Black "Kaspi, Alexander"]
[Result "1-0"]
[WhiteElo "2380"]
[BlackElo "2415"]
[PlyCount "55"]
[EventDate "1993.??.??"]
[Source "www.chesslib.no"]
[SourceDate "2004.05.04"]

1. e4 c5 2. Nf3 d6 3. b4 cxb4 4. d4 Nf6 5. Bd3 g6 6. Nbd2 Bg7 7. O-O O-O 8. Rb1 a5 9. a3 Nfd7 10. axb4 Nc6 11. bxa5 Nxd4 12. Nxd4 Bxd4 13. Nb3 Bg7 14. Be3 Qc7 15. Qd2 Bc3 16. Qc1 Nc5 17. Nxc5 dxc5 18. Qa3 Bd4 19. Bxd4 cxd4 20. Rb5 Rd8 21. Rc5 Qf4 22. Qb4 h5 23. Qb6 Rd6 24. Qc7 Kf8 25. e5 Rd7 26. Qb6 h4 27. h3 g5 28. Qh6+ 1-0

[Event "Manhattan CC-ch"]
[Site "New York"]
[Date "1999.09.26"]
[Round "4"]
[White "Lapshun, Yury"]
[Black "Schwartz, Ylan"]
[Result "0-1"]
[WhiteElo "2507"]
[BlackElo "2281"]
[PlyCount "62"]
[EventDate "1999.09.24"]
[Source "www.chesslib.no"]
[SourceDate "2004.05.04"]

1. e4 c5 2. Nf3 d6 3. b4 cxb4 4. d4 d5 5. exd5 Nf6 6. a3 Qxd5 7. axb4 Bg4 8. c4 Bxf3 9. gxf3 Qd6 10. Nc3 Nc6 11. Be3 Qxb4 12. Qc2 e5 13. Ra4 exd4 14. Rxb4 Bxb4 15. Bd2 dxc3 16. Bxc3 O-O 17. Bh3 Nd4 18. Qd3 Rfe8+ 19. Kf1 Bxc3 20. Qxc3 Ne2 21. Qd2 Nh5 22. Bf5 Nhf4 23. Be4 a5 24. Rg1 Red8 25. Bd5 a4 26. Rg5 a3 27. Qa2 Nc3 28. Qa1 Nfxd5 29. cxd5 a2 30. Re5 Rxd5 31. Re1 Rb5 0-1

[Event "Open, Pula CRO"]
[Site "?"]
[Date "2001.??.??"]
[Round "1"]
[White "Kolar, Sr"]
[Black "Palac, M."]
[Result "1/2-1/2"]
[WhiteElo "2175"]
[BlackElo "2605"]
[PlyCount "72"]
[EventDate "2001.??.??"]
[Source "www.chesslib.no"]
[SourceDate "2004.05.04"]

1. e4 c5 2. Nf3 d6 3. b4 cxb4 4. d4 Bg4 5. h3 Bh5 6. Bd3 e6 7. O-O Nf6 8. a3 d5 9. e5 Nfd7 10. axb4 Bxb4 11. c3 Be7 12. Na3 Nc6 13. Nc2 O-O 14. Ne3 a6 15. g4 Bg6 16. Ne1 Bxd3 17. Nxd3 Rc8 18. f4 Na7 19. Bd2 Nb5 20. Qb3 Nb6 21. Nd1 Nc4 22. Be1 f6 23. exf6 Bxf6 24. Ra2 Be7 25. Re2 Qd7 26. Bg3 Bd6 27. Rfe1 Rce8 28. Kg2 Qf7 29. Ne5 Bxe5 30. dxe5 Rc8 31. Rf2 Qd7 32. Kh2 Qc6 33. f5 d4 34. cxd4 Nxd4 35. Qd3 Rcd8 36. Qf1 Nf3+ 1/2-1/2

[Event "ESP-ch"]
[Site "Barcelona"]
[Date "2000.08.19"]
[Round "2"]
[White "Canal Oliveras, Joan"]
[Black "Comas Fabrego, Luis"]
[Result "1/2-1/2"]
[WhiteElo "2236"]
[BlackElo "2516"]
[PlyCount "30"]
[EventDate "2000.08.18"]
[Source "ChessBase"]
[SourceDate "2000.09.14"]

1. e4 c5 2. Nf3 d6 3. b4 cxb4 4. d4 Nf6 5. Bd3 e6 6. O-O Be7 7. e5 dxe5 8. dxe5 Nfd7 9. Qe2 Nc6 10. Rd1 Qc7 11. Bb2 Nc5 12. Nbd2 Bd7 13. Nd4 Nxd4 14. Bxd4 Rd8 15. h4 h6 1/2-1/2

[Event "Istanbul ol (Men)"]
[Site "Istanbul"]
[Date "2000.11.07"]
[Round "10"]
[White "Onkoud, Abdelaziz"]
[Black "Miniboeck, Guenter"]
[Result "1-0"]
[WhiteElo "2309"]
[BlackElo "2413"]
[PlyCount "79"]
[EventDate "2000.10.??"]
[Source "www.chesslib.no"]
[SourceDate "2004.05.04"]

1. e4 c5 2. Nf3 d6 3. b4 cxb4 4. d4 Nf6 5. Bd3 e6 6. O-O d5 7. e5 Nfd7 8. Ng5 Be7 9. Qh5 Bxg5 10. Bxg5 Qb6 11. Be3 Nc6 12. Nd2 Nf8 13. Rfb1 Qc7 14. a3 bxa3 15. Rxa3 Ng6 16. f4 Bd7 17. c4 Nge7 18. g4 g6 19. Qh6 O-O-O 20. c5 Rdg8 21. Nf3 a6 22. Bd2 Kd8 23. Rab3 Bc8 24. Rb6 Ke8 25. Kf2 Nd8 26. Ke3 Bd7 27. Be1 Rf8 28. Bh4 f5 29. gxf5 gxf5 30. Bf6 Rhg8 31. Qh5+ Nf7 32. Rxb7 Qa5 33. Bxe7 Kxe7 34. c6 Rd8 35. cxd7 Rg2 36. Qh4+ Kf8 37. Rb8 Qc7 38. Rxd8+ Nxd8 39. Qf6+ Kg8 40. Qe7 1-0

[Event "Elekes mem-A"]
[Site "Budapest HUN"]
[Date "1981.??.??"]
[Round "?"]
[White "Ozsvath, Andras"]
[Black "Schneider, Attila"]
[Result "0-1"]
[WhiteElo "2340"]
[BlackElo "2360"]
[PlyCount "88"]
[EventDate "1981.07.??"]
[Source "www.chesslib.no"]
[SourceDate "2004.05.04"]

1. e4 c5 2. Nf3 d6 3. b4 cxb4 4. d4 Nf6 5. Bd3 d5 6. Nbd2 e6 7. e5 Nfd7 8. Nf1 Be7 9. h4 h6 10. g4 Nc6 11. h5 Nf8 12. Ng3 Bd7 13. Be3 Qa5 14. g5 hxg5 15. Kf1 f6 16. Kg2 O-O-O 17. exf6 gxf6 18. h6 Be8 19. Qe2 Qc7 20. h7 Rd7 21. a3 bxa3 22. c4 dxc4 23. Bxc4 Bd8 24. Rxa3 Rdxh7 25. Rc1 g4 26. Ng1 Rd7 27. Bb5 Qb8 28. Rxc6+ bxc6 29. Ba6+ Rb7 30. d5 cxd5 31. Qc2+ Bc7 32. Rb3 Ba4 33. Nf5 Bxb3 34. Qc6 Rh2+ 35. Kf1 Bc4+ 36. Ke1 Kd8 37. Bxb7 Rh7 38. Bc5 Ba5+ 39. Kd1 Bb3+ 40. Kc1 Qf4+ 41. Kb2 Qd2+ 42. Kxb3 Rxb7+ 43. Qxb7 Qc3+ 44. Ka2 Qxc5 0-1

[Event "Le Touquet op 15th"]
[Site "?"]
[Date "2000.11.01"]
[Round "6"]
[White "Shirazi Kamran G"]
[Black "Pelle Guillaume"]
[Result "1/2-1/2"]
[WhiteElo "2414"]
[BlackElo "2280"]
[PlyCount "144"]
[EventDate "2000.??.??"]
[Source "www.chesslib.no"]
[SourceDate "2004.05.04"]

1. e4 c5 2. Nf3 d6 3. b4 cxb4 4. d4 Nf6 5. Nbd2 e6 6. a3 Be7 7. axb4 d5 8. c3 dxe4 9. Ne5 Nbd7 10. Nec4 O-O 11. Qc2 Qc7 12. Bb2 e5 13. dxe5 Nxe5 14. Nxe5 Qxe5 15. Ra5 Qc7 16. Nxe4 b6 17. Ra4 Nxe4 18. Qxe4 Bb7 19. Qc4 Qe5+ 20. Qe2 Qf5 21. Qd3 Be4 22. Qb5 Qe6 23. Qe2 b5 24. Ra5 a6 25. Bc1 Bf6 26. Ra3 Qc6 27. f3 Bxc3+ 28. Bd2 Bxd2+ 29. Qxd2 Bd5 30. Be2 Rad8 31. Rd3 Rd7 32. O-O Rfd8 33. Rc1 Qb6+ 34. Kh1 g6 35. h4 Qf6 36. h5 Qh4+ 37. Kg1 Qf6 38. h6 Qe6 39. Kf1 Qf6 40. Rd4 Qe6 41. Rc5 f6 42. Bd3 Bxf3 43. Rxd7 Qxd7 44. gxf3 Qxd3+ 45. Qxd3 Rxd3 46. Ke2 Rd4 47. Rc8+ Kf7 48. Rc7+ Ke6 49. Rxh7 Rxb4 50. Ra7 Rh4 51. Rxa6+ Kf5 52. Rb6 Rxh6 53. Rxb5+ Kf4 54. Rb4+ Kg5 55. Kf2 Rh1 56. Ra4 Kh5 57. Rb4 f5 58. Kg2 Ra1 59. Rb5 Kg5 60. Rb4 f4 61. Rb8 Kh6 62. Rh8+ Kg7 63. Rb8 g5 64. Rb6 Rd1 65. Ra6 Kf7 66. Rb6 Re1 67. Rb8 Re3 68. Rb6 Re6 69. Rb5 Kf6 70. Rb2 Kf5 71. Rb8 Re1 72. Rb6 Re2+ 1/2-1/2

[Event "OL_Krumbach1-Kötzting1"]
[Site "?"]
[Date "2004.11.14"]
[Round "2.2"]
[White "Egger Thomas[[58Krumb"]
[Black "Neuman Petr"]
[Result "0-1"]
[WhiteElo "2245"]
[BlackElo "2425"]
[PlyCount "52"]
[EventDate "2004.??.??"]
[Source "www.chesslib.no"]
[SourceDate "2004.05.04"]

1. e4 c5 2. Nf3 d6 3. b4 cxb4 4. d4 Nf6 5. Bd3 g6 6. O-O Bg7 7. Bb2 O-O 8. a3 bxa3 9. Nxa3 d5 10. e5 Ne8 11. c4 Nc7 12. Qb3 Nc6 13. cxd5 Nxd5 14. Be4 Ncb4 15. Nc4 a5 16. Ba3 Be6 17. Ng5 Rc8 18. Rac1 Bh6 19. Nxe6 fxe6 20. Rcd1 b5 21. Qh3 Kg7 22. Ne3 Nc3 23. Ng4 Bf4 24. Bd3 Nxd1 25. Bxb4 axb4 26. Rxd1 Rc1 0-1

[Event "Balatonbereny-C"]
[Site "Balatonbereny"]
[Date "1995.??.??"]
[Round "11"]
[White "Kende, Gyorgy"]
[Black "Karolyi, Tibor Jr"]
[Result "0-1"]
[WhiteElo "2265"]
[BlackElo "2380"]
[PlyCount "52"]
[EventDate "1995.08.??"]
[Source "ChessBase"]

1. Nf3 c5 2. e4 d6 3. b4 cxb4 4. d4 Nf6 5. Bd3 Bg4 6. Nbd2 e6 7. h3 Bh5 8. g4 Bg6 9. g5 Nh5 10. a3 bxa3 11. Bxa3 Be7 12. Bb5+ Kf8 13. c3 h6 14. gxh6 Rxh6 15. Qa4 Nf6 16. Ng5 a6 17. O-O-O Nfd7 18. Bxd7 Qxd7 19. Qxd7 Nxd7 20. h4 Rc8 21. Kb2 Nb6 22. Kb3 d5 23. Bxe7+ Kxe7 24. e5 Nc4 25. Nxc4 Rxc4 26. f3 Rc8 0-1

[Event "Open"]
[Site "?"]
[Date "2003.12.21"]
[Round "2"]
[White "Mindeguia Guruceaga Juan Jesu"]
[Black "Cheparinov Ivan"]
[Result "0-1"]
[WhiteElo "2105"]
[BlackElo "2531"]
[PlyCount "78"]
[EventDate "2003.??.??"]
[Source "www.chesslib.no"]
[SourceDate "2004.05.04"]

1. e4 c5 2. Nf3 d6 3. b4 cxb4 4. d4 Nf6 5. Bd3 e6 6. a3 bxa3 7. c3 Be7 8. O-O O-O 9. Nxa3 Nc6 10. Nc2 Qc7 11. Ne3 b6 12. Nd2 e5 13. d5 Na5 14. c4 Nb7 15. Bb2 Nc5 16. Bc2 g6 17. Ra3 Nh5 18. Nf5 Bg5 19. Nf3 Bf6 20. N3h4 Nf4 21. Qg4 h5 22. Qd1 Qd8 23. g3 Nh3+ 24. Kh1 Ng5 25. Re1 gxf5 26. exf5 e4 27. Bc1 Kg7 28. Qxh5 Rh8 29. Qg4 Kf8 30. f4 exf3 31. Rae3 f2 32. Rf1 Nd7 33. Rxf2 Ne5 34. Qe2 Kg7 35. Rxe5 dxe5 36. Bxg5 Bxg5 37. f6+ Bxf6 38. Nf5+ Bxf5 39. Rxf5 Qd6 0-1

[Event "Oslo Kringsja"]
[Site "Oslo"]
[Date "1976.??.??"]
[Round "1"]
[White "Moen, Ole Christian"]
[Black "Bednarski, Jacek B"]
[Result "1-0"]
[WhiteElo "2210"]
[BlackElo "2425"]
[PlyCount "63"]
[EventDate "1976.01.??"]
[Source "ChessBase"]

1. e4 c5 2. Nf3 d6 3. b4 cxb4 4. d4 Nf6 5. Bd3 d5 6. e5 Ne4 7. O-O Nc6 8. Re1 Bg4 9. h3 Bf5 10. Nh4 Bd7 11. Bxe4 e6 12. Qg4 dxe4 13. Rxe4 Ne7 14. Bg5 h6 15. Bxe7 Qxe7 16. c4 bxc3 17. Nxc3 Rc8 18. Re3 Qg5 19. Qe4 Bb4 20. Rc1 Bxc3 21. Rcxc3 Bc6 22. d5 exd5 23. Qd4 O-O 24. Rg3 Qh5 25. Rcf3 Bd7 26. e6 f6 27. exd7 Rc4 28. Qxf6 Rxf6 29. d8=Q+ Kh7 30. Rxf6 Qxh4 31. Rxg7+ Kxg7 32. Qe7+ 1-0

[Event "Joensuu Open"]
[Site "Joensuu"]
[Date "1989.??.??"]
[Round "?"]
[White "Binham, Timothy F"]
[Black "Baginskaite, Camilla"]
[Result "1-0"]
[WhiteElo "2340"]
[BlackElo "2295"]
[PlyCount "75"]
[EventDate "1989.??.??"]
[Source "www.chesslib.no"]
[SourceDate "2004.05.04"]

1. e4 c5 2. Nf3 d6 3. b4 cxb4 4. d4 Nf6 5. Bd3 g6 6. Bd2 Bg7 7. Bxb4 Nc6 8. Ba3 Bg4 9. c3 d5 10. e5 Nd7 11. Nbd2 O-O 12. O-O Rc8 13. Rb1 Na5 14. Bb4 Nc6 15. Ba3 Na5 16. Qc2 Nb6 17. Bc5 Nd7 18. Bb4 Bxf3 19. Nxf3 Nc4 20. Bxc4 Rxc4 21. Qb3 Re8 22. Nd2 Rc6 23. Qxd5 Nxe5 24. Qb5 Rb6 25. Qa4 Nc6 26. Bc5 Rxb1 27. Rxb1 Qc8 28. d5 Ne5 29. Rxb7 Rd8 30. Qxa7 Nd3 31. Bb6 Qxc3 32. Nf1 Re8 33. Rxe7 Rxe7 34. Qxe7 Bf8 35. Qe3 Qc2 36. a4 Nb4 37. Qe5 Nd3 38. Qf6 1-0

[Event "Santos Lugares"]
[Site "Santos Lugares"]
[Date "1977.??.??"]
[Round "3"]
[White "Rios, Alb"]
[Black "Garcia, R."]
[Result "0-1"]
[WhiteElo "2200"]
[BlackElo "2435"]
[PlyCount "92"]
[EventDate "1977.??.??"]
[Source "ChessBase"]

1. e4 c5 2. Nf3 d6 3. b4 Nf6 4. d4 cxd4 5. Qxd4 e5 6. Bb5+ Nbd7 7. Qe3 Be7 8. O-O O-O 9. c4 a6 10. Bxd7 Bxd7 11. Nbd2 a5 12. Ba3 Be6 13. Rfc1 Nd7 14. Nb3 axb4 15. Bxb4 b6 16. a4 h6 17. Nfd2 Qc7 18. Qd3 Nc5 19. Nxc5 dxc5 20. Bc3 Bg5 21. Rc2 Ra6 22. Nb3 Rd8 23. Qe2 Rda8 24. Rca2 Be7 25. h3 f6 26. f4 exf4 27. e5 f5 28. a5 Qc6 29. Nd2 bxa5 30. Rxa5 Rxa5 31. Bxa5 Bd8 32. Bc3 Rxa1+ 33. Bxa1 Qa4 34. Bc3 Ba5 35. Bxa5 Qxa5 36. Kf2 Qc3 37. Ke1 Kf8 38. Kf2 Ke7 39. Kg1 Qe3+ 40. Qxe3 fxe3 41. Nb3 Bxc4 42. Nxc5 f4 43. h4 g5 44. hxg5 hxg5 45. Ne4 g4 46. Nf6 f3 0-1

[Event "Sunny Beach"]
[Site "?"]
[Date "2006.09.03"]
[Round "2.7"]
[White "Tsifanskaya Ludmila A"]
[Black "Petrov Marijan"]
[Result "1-0"]
[WhiteElo "2200"]
[BlackElo "2430"]
[PlyCount "113"]
[EventDate "2006.??.??"]
[Source "www.chesslib.no"]
[SourceDate "2004.05.04"]

1. e4 c5 2. Nf3 d6 3. b4 cxb4 4. d4 Nf6 5. Nbd2 e6 6. Bd3 Be7 7. O-O Nc6 8. Rb1 d5 9. e5 Nd7 10. Re1 Nb6 11. Nf1 Na4 12. Bd2 a6 13. Ng3 h5 14. Ne2 b5 15. h4 Bxh4 16. Nxh4 Qxh4 17. Bxb4 Nxb4 18. Rxb4 Bd7 19. Qd2 Rc8 20. Rb3 Qd8 21. Nc1 Qc7 22. Qg5 Qa5 23. Rd1 Kf8 24. Ne2 Qd8 25. Qd2 Rc6 26. Nf4 Be8 27. Be2 g6 28. Rf3 Kg7 29. Nh3 Qe7 30. Rf6 Nc3 31. Bd3 Nxa2 32. Qg5 Rc7 33. Nf4 Rh6 34. Re1 Nb4 35. Re3 Nxd3 36. Rxd3 Kh7 37. Rh3 Rxc2 38. Rxh5 Rxh5 39. Nxh5 Qa3 40. Rf4 Qc1+ 41. Kh2 gxh5 42. Qxh5+ Kg7 43. Qg5+ Kf8 44. Qf6 Qxf4+ 45. Qxf4 b4 46. Qe3 a5 47. f4 Rc3 48. Qd2 Rc6 49. g4 Bd7 50. Qa2 Ra6 51. f5 Ke8 52. f6 Kd8 53. g5 a4 54. g6 fxg6 55. Qc2 a3 56. Qc5 Rc6 57. f7 1-0

[Event "Barbera-B"]
[Site "Barbera"]
[Date "1997.??.??"]
[Round "2"]
[White "Canal Oliveras, Joan"]
[Black "Alonso Arburu, Juan Ignacio"]
[Result "0-1"]
[WhiteElo "2330"]
[BlackElo "2300"]
[PlyCount "47"]
[EventDate "1997.??.??"]
[Source "www.chesslib.no"]
[SourceDate "2004.05.04"]

1. e4 c5 2. Nf3 d6 3. b4 Nf6 4. bxc5 dxc5 5. Nc3 a6 6. a4 Nc6 7. h3 e6 8. Bc4 g6 9. O-O Bg7 10. Rb1 O-O 11. Bb2 Qa5 12. d3 Rd8 13. Nd2 Nd4 14. f4 Bd7 15. e5 Ne8 16. Nde4 Bc6 17. Ba3 Bf8 18. Bc1 b5 19. axb5 axb5 20. f5 bxc4 21. fxg6 fxg6 22. Rxf8+ Kxf8 23. Bh6+ Kg8 24. g4 0-1

[Event "IBCA Wch blind 10th"]
[Site "?"]
[Date "2002.11.26"]
[Round "7"]
[White "Rositsan Boris"]
[Black "Berlinsky Vladimir"]
[Result "1-0"]
[WhiteElo "2250"]
[BlackElo "2380"]
[PlyCount "69"]
[EventDate "2002.??.??"]
[Source "www.chesslib.no"]
[SourceDate "2004.05.04"]

1. e4 c5 2. Nf3 d6 3. b4 cxb4 4. d4 e6 5. Bd3 Nf6 6. Nbd2 Be7 7. a3 bxa3 8. Bxa3 O-O 9. c4 e5 10. O-O exd4 11. Nxd4 Nc6 12. Nb5 a6 13. Nc3 Re8 14. h3 Ne5 15. Bb1 g5 16. f4 gxf4 17. Rxf4 Nfd7 18. Nd5 Bg5 19. Rf5 Nb6 20. Rf1 Nbxc4 21. Nxc4 Nxc4 22. e5 Nxe5 23. Qh5 f5 24. Bxd6 Qxd6 25. Qxe8+ Kg7 26. Ba2 b5 27. Qh5 Qg6 28. Qe2 Nc4 29. Bxc4 bxc4 30. Qxc4 Be6 31. Ra5 Bd8 32. Qd4+ Bf6 33. Qxf6+ Qxf6 34. Nxf6 Kxf6 35. g4 1-0

[Event "Dieren op"]
[Site "Dieren"]
[Date "2000.07.24"]
[Round "6"]
[White "Hoogendoorn, Joost"]
[Black "Mellegers, Joost P"]
[Result "1/2-1/2"]
[WhiteElo "2358"]
[BlackElo "2252"]
[PlyCount "148"]
[EventDate "2000.07.18"]
[Source "ChessBase"]
[SourceDate "2000.09.14"]

1. e4 c5 2. Nf3 d6 3. b4 cxb4 4. d4 Nf6 5. Bd3 Bg4 6. a3 bxa3 7. Bxa3 Nc6 8. c3 e6 9. Nbd2 Be7 10. Qb3 O-O 11. Qxb7 Qc8 12. Ba6 Qe8 13. Bb5 Rb8 14. Qa6 Rb6 15. Qa4 a6 16. Be2 d5 17. e5 Ne4 18. Nxe4 dxe4 19. Nd2 Bxe2 20. Kxe2 Bxa3 21. Qxa3 f6 22. exf6 Qh5+ 23. f3 exf3+ 24. gxf3 Qb5+ 25. Kf2 Qd3 26. Qc1 Rxf6 27. Re1 Rb8 28. Re3 Qb5 29. Rb1 Qh5 30. Rxb8+ Nxb8 31. Nf1 Rg6 32. Re4 Qh3 33. Qf4 Nd7 34. Ne3 Rf6 35. Qg3 Qxg3+ 36. hxg3 a5 37. Ng4 Rf8 38. Rxe6 Ra8 39. Re2 Nb6 40. Ne3 a4 41. Ra2 Rc8 42. Ra3 Kf7 43. Ke2 Re8 44. Ra2 Nc4 45. Kd3 Nxe3 46. Rxa4 Nf1 47. Ra7+ Kg8 48. d5 Nxg3 49. c4 h5 50. d6 Nf5 51. c5 Rd8 52. Ke4 Nxd6+ 53. cxd6 Rxd6 54. Kf5 Kh7 55. Kg5 Rd5+ 56. Kh4 Kh6 57. Ra6+ g6 58. Rb6 Ra5 59. Rc6 Rf5 60. Kg3 Kg5 61. f4+ Kh6 62. Ra6 Rb5 63. Rc6 Rb3+ 64. Kg2 Rb5 65. Kg3 Kg7 66. Ra6 Kf7 67. Rc6 Rb3+ 68. Kg2 h4 69. Ra6 Re3 70. Rb6 Re6 71. Rb5 Rf6 72. Kf3 Rf5 73. Rb7+ Kf6 74. Rb6+ Kf7 1/2-1/2

[Event "Gent op 22nd"]
[Site "Gent"]
[Date "1999.??.??"]
[Round "7"]
[White "Hoogendoorn, Joost"]
[Black "Soderperg, Per"]
[Result "1-0"]
[WhiteElo "2350"]
[BlackElo "2250"]
[PlyCount "117"]
[EventDate "1999.??.??"]
[Source "www.chesslib.no"]
[SourceDate "2004.05.04"]

1. e4 c5 2. Nf3 d6 3. b4 cxb4 4. d4 Nf6 5. Bd3 d5 6. Nbd2 Nc6 7. e5 Nd7 8. O-O e6 9. Re1 Be7 10. Nf1 Nb6 11. Ng3 h5 12. Be3 Na5 13. Qc1 Nac4 14. Bg5 Bd7 15. Rb1 Ba4 16. Rxb4 f6 17. exf6 gxf6 18. Bh4 Bxb4 19. Rxe6+ Kd7 20. Rxf6 Kc7 21. Rc6+ Bxc6 22. Bxd8+ Kxd8 23. Qg5+ Kc7 24. Nxh5 Rag8 25. Qf4+ Bd6 26. Qf7+ Kb8 27. Nf6 Rf8 28. Qg7 Bc7 29. Bh7 Bd8 30. Ng8 Nd7 31. Ne5 Ncxe5 32. dxe5 Rxh7 33. Qxh7 Bb6 34. Nf6 Nxe5 35. Qe7 Ng6 36. Qg7 Bd4 37. Nd7+ Bxd7 38. Qxd4 Nf4 39. Qg7 Re8 40. h4 Bc6 41. Qg3 Rf8 42. h5 Ka8 43. Qg7 Re8 44. h6 Ne6 45. Qf6 Nf8 46. Qf7 a6 47. g4 d4 48. Kh2 Rc8 49. h7 Nxh7 50. Qxh7 Ba4 51. Qg7 Rd8 52. Qf6 Rd7 53. g5 Bxc2 54. Qf8+ Ka7 55. Qc5+ b6 56. Qxc2 d3 57. Qd2 b5 58. g6 Kb6 59. g7 1-0

[Event "HUN-chT2 9394"]
[Site "HUN"]
[Date "1994.??.??"]
[Round "?"]
[White "Frank, Jozsef"]
[Black "Nemeth, Gabor"]
[Result "0-1"]
[WhiteElo "2335"]
[BlackElo "2260"]
[PlyCount "84"]
[EventDate "1993.??.??"]
[Source "www.chesslib.no"]
[SourceDate "2004.05.04"]

1. e4 c5 2. Nf3 d6 3. b4 cxb4 4. d4 d5 5. e5 Bf5 6. a3 e6 7. axb4 Bxb4+ 8. c3 Be7 9. Qb3 Qc7 10. Na3 Bxa3 11. Bxa3 Nc6 12. Bb5 a6 13. Bd6 Qd7 14. O-O Rc8 15. Bxc6 Rxc6 16. Rfc1 Ne7 17. c4 dxc4 18. Rxc4 Rxc4 19. Qxc4 O-O 20. h3 Rc8 21. Qe2 h6 22. Ra5 Nd5 23. Rc5 b6 24. Rxc8+ Qxc8 25. Kh2 b5 26. Bc5 Qb7 27. Nd2 a5 28. f3 a4 29. g4 Bh7 30. Ne4 Qa6 31. Qb2 Qa5 32. Qc1 Bxe4 33. fxe4 Nc3 34. Qb2 Nxe4 35. Bb4 Qc7 36. h4 Qc4 37. Be7 Nc3 38. g5 hxg5 39. hxg5 Qxd4 40. Bf6 Qf4+ 41. Kh1 b4 42. Qg2 Qe4 0-1

[Event "Berliner Sommer"]
[Site "Berlin GER"]
[Date "1993.??.??"]
[Round "?"]
[White "Schischke, Reinhard"]
[Black "Krakops, Maris"]
[Result "0-1"]
[WhiteElo "2360"]
[BlackElo "2230"]
[PlyCount "106"]
[EventDate "1993.08.??"]
[Source "www.chesslib.no"]
[SourceDate "2004.05.04"]

1. e4 c5 2. Nf3 d6 3. b4 cxb4 4. d4 g6 5. a3 bxa3 6. Nxa3 Bg7 7. Nb5 Nc6 8. Ra3 Bg4 9. d5 Ne5 10. Nxa7 Nf6 11. Bb5+ Nfd7 12. h3 Nxf3+ 13. gxf3 Bh5 14. Be2 Qb6 15. Nb5 Rxa3 16. Nxa3 Qb4+ 17. Kf1 O-O 18. Rg1 Rc8 19. Rg3 Nc5 20. Nb5 Nxe4 21. fxe4 Qxb5 22. Bxb5 Bxd1 23. c4 Bc2 24. Ra3 Bxe4 25. Re3 Bxd5 26. Rxe7 Bf8 27. Rd7 Bxc4+ 28. Bxc4 Rxc4 29. Ba3 b5 30. Rb7 Rc3 31. Bb4 Rxh3 32. Rxb5 Kg7 33. Rd5 Rh4 34. Bxd6 Bxd6 35. Rxd6 Rg4 36. f3 Rg5 37. Kf2 h5 38. Rd4 Rf5 39. Kg3 g5 40. Ra4 Kg6 41. Ra8 h4+ 42. Kf2 Rb5 43. Kg2 Kf5 44. Ra2 f6 45. Rc2 Rd5 46. Re2 Rd4 47. Ra2 Kf4 48. Ra6 f5 49. Ra2 Ke3 50. Ra5 Kf4 51. Ra2 h3+ 52. Kxh3 Kxf3 53. Ra3+ Kf4 0-1